[Event "DEM U18 2017"]
[Site "Willingen GER"]
[Date "2017.06.06"]
[Round "5"]
[White "Sawlin, Leonid"]
[Black "Vogel, Roven"]
[Result "1/2-1/2"]
[Termination "normal"]
[Board "1"]
[WhiteTitle "FM"]
[BlackTitle "IM"]
[WhiteElo "2303"]
[BlackElo "2464"]
[WhiteClock "01:02:13"]
[BlackClock "00:22:06"]
[PlyCount "57"]
[WhiteFideId "4689542"]
[BlackFideId "12908088"]
[EventCountry "GER"]
[EventRounds "9"]
[EventType "swiss"]
[EventDate "2017.06.03"]

1. e4 {[%clk 1:30:58]} 1... c6 {[%clk 1:30:50]} 2. d4 {[%clk 1:30:04]} 2... d5
{[%clk 1:31:11]} 3. Nc3 {[%clk 1:29:25]} 3... dxe4 {[%clk 1:31:32]} 4. Nxe4 {
[%clk 1:29:52]} 4... Nd7 {[%clk 1:31:51]} 5. Nf3 {[%clk 1:29:48]} 5... Ngf6 {
[%clk 1:32:05]} 6. Nxf6+ {[%clk 1:29:31]} 6... Nxf6 {[%clk 1:32:26]} 7. Bd3 {
[%clk 1:29:57]} 7... Bf5 {[%clk 1:31:15]} 8. Bxf5 {[%clk 1:29:29]} 8... Qa5+ {
[%clk 1:31:35]} 9. c3 {[%clk 1:29:42]} 9... Qxf5 {[%clk 1:31:55]} 10. O-O {
[%clk 1:30:02]} 10... Qb5 {[%clk 1:25:34]} 11. Qb3 {[%clk 1:28:27]} 11... a6 {
[%clk 1:25:15]} 12. Re1 {[%clk 1:28:22]} 12... e6 {[%clk 1:19:22]} 13. Ne5 {
[%clk 1:28:19]} 13... c5 {[%clk 1:14:07]} 14. dxc5 {[%clk 1:23:11]} 14... Bxc5
{[%clk 1:08:38]} 15. Bg5 {[%clk 1:22:59]} 15... Qxb3 {[%clk 0:56:17]} 16. axb3
{[%clk 1:23:23]} 16... Nd7 {[%clk 0:52:55]} 17. Nc4 {[%clk 1:21:28]} 17... Be7
{[%clk 0:49:14]} 18. Be3 {[%clk 1:20:07]} 18... Nf6 {[%clk 0:37:43]} 19. b4 {
[%clk 1:18:40]} 19... Rc8 {[%clk 0:36:29]} 20. Na5 {[%clk 1:18:25]} 20... Rc7 {
[%clk 0:36:48]} 21. Bf4 {[%clk 1:16:45]} 21... Rd7 {[%clk 0:36:52]} 22. Red1 {
[%clk 1:14:16]} 22... Nd5 {[%clk 0:37:01]} 23. Be5 {[%clk 1:14:13]} 23... f6 {
[%clk 0:34:32]} 24. Bg3 {[%clk 1:14:26]} 24... Bd8 {[%clk 0:28:14]} 25. Nc4 {
[%clk 1:09:41]} 25... Bc7 {[%clk 0:26:05]} 26. b5 {[%clk 1:03:36]} 26... axb5 {
[%clk 0:23:05]} 27. Ra8+ {[%clk 1:02:04]} 27... Rd8 {[%clk 0:22:33]} 28. Rxd8+
{[%clk 1:01:58]} 28... Kxd8 {[%clk 0:22:06]} 29. Ne3 {[%clk 1:02:13]} 1/2-1/2

[Event "DEM U18 2017"]
[Site "Willingen GER"]
[Date "2017.06.06"]
[Round "5"]
[White "Schröder, Kevin"]
[Black "Gschnitzer, Adrian"]
[Result "1/2-1/2"]
[Termination "normal"]
[Board "2"]
[WhiteTitle "FM"]
[WhiteElo "2352"]
[BlackElo "2342"]
[WhiteClock "00:22:54"]
[BlackClock "00:12:53"]
[PlyCount "73"]
[WhiteFideId "12929840"]
[BlackFideId "1270337"]
[EventCountry "GER"]
[EventRounds "9"]
[EventType "swiss"]
[EventDate "2017.06.03"]

1. d4 {[%clk 1:30:57]} 1... Nf6 {[%clk 1:30:52]} 2. c4 {[%clk 1:31:22]} 2... c5
{[%clk 1:31:12]} 3. d5 {[%clk 1:31:48]} 3... b5 {[%clk 1:31:33]} 4. cxb5 {
[%clk 1:32:15]} 4... a6 {[%clk 1:31:53]} 5. bxa6 {[%clk 1:32:41]} 5... g6 {
[%clk 1:32:12]} 6. Nc3 {[%clk 1:32:52]} 6... Bg7 {[%clk 1:32:31]} 7. e4 { [%clk
1:32:56]} 7... O-O {[%clk 1:32:52]} 8. a7 {[%clk 1:32:50]} 8... Rxa7 { [%clk
1:33:12]} 9. Nf3 {[%clk 1:33:15]} 9... d6 {[%clk 1:33:05]} 10. Be2 { [%clk
1:33:05]} 10... Ba6 {[%clk 1:29:15]} 11. O-O {[%clk 1:32:41]} 11... Ne8 { [%clk
1:27:10]} 12. a4 {[%clk 1:31:28]} 12... Nc7 {[%clk 1:26:21]} 13. Bf4 { [%clk
1:23:23]} 13... Nd7 {[%clk 1:24:41]} 14. Bxa6 {[%clk 1:17:25]} 14... Rxa6
{[%clk 1:24:21]} 15. Re1 {[%clk 1:14:45]} 15... Qa8 {[%clk 1:18:46]} 16. e5 {
[%clk 1:14:18]} 16... Rb8 {[%clk 1:15:54]} 17. exd6 {[%clk 1:13:23]} 17... exd6
{[%clk 1:16:14]} 18. Re7 {[%clk 1:13:24]} 18... Bxc3 {[%clk 1:14:34]} 19. bxc3
{[%clk 1:11:17]} 19... Nxd5 {[%clk 1:14:19]} 20. Rxd7 {[%clk 1:11:17]} 20...
Nxf4 {[%clk 1:06:13]} 21. Rxd6 {[%clk 1:09:25]} 21... Ne2+ {[%clk 1:03:41]} 22.
Kh1 {[%clk 1:09:37]} 22... Nxc3 {[%clk 1:02:42]} 23. Rxa6 {[%clk 1:08:22]}
23... Qxa6 {[%clk 1:03:06]} 24. Qe1 {[%clk 0:43:01]} 24... Ne2 {[%clk 0:50:56]}
25. a5 {[%clk 0:40:25]} 25... Nd4 {[%clk 0:44:08]} 26. Qe5 {[%clk 0:40:30]}
26... Qb5 {[%clk 0:42:26]} 27. a6 {[%clk 0:38:06]} 27... Nxf3 {[%clk 0:41:33]}
28. gxf3 {[%clk 0:38:04]} 28... Ra8 {[%clk 0:39:16]} 29. Qf6 {[%clk 0:37:08]}
29... c4 {[%clk 0:35:14]} 30. Kg2 {[%clk 0:35:05]} 30... h6 {[%clk 0:26:54]}
31. h4 {[%clk 0:32:01]} 31... Qd7 {[%clk 0:19:38]} 32. Re1 {[%clk 0:25:46]}
32... c3 {[%clk 0:14:25]} 33. Re7 {[%clk 0:25:38]} 33... Qd5 {[%clk 0:14:25]}
34. Qxc3 {[%clk 0:25:39]} 34... Qd6 {[%clk 0:13:55]} 35. Rc7 {[%clk 0:23:30]}
35... Qxa6 {[%clk 0:13:58]} 36. Rc6 {[%clk 0:23:56]} 36... Qb5 {[%clk 0:12:53]}
37. Qf6 {[%clk 0:22:54]} 1/2-1/2

[Event "DEM U18 2017"]
[Site "Willingen GER"]
[Date "2017.06.06"]
[Round "5"]
[White "Kololli, Martin"]
[Black "Ehmann, Thilo"]
[Result "1/2-1/2"]
[Termination "normal"]
[Board "3"]
[BlackTitle "FM"]
[WhiteElo "2238"]
[BlackElo "2268"]
[WhiteClock "00:43:50"]
[BlackClock "00:22:45"]
[PlyCount "53"]
[WhiteFideId "12936910"]
[BlackFideId "12940968"]
[EventCountry "GER"]
[EventRounds "9"]
[EventType "swiss"]
[EventDate "2017.06.03"]

1. f4 {[%clk 1:30:56]} 1... c5 {[%clk 1:30:42]} 2. Nf3 {[%clk 1:31:19]} 2... g6
{[%clk 1:30:35]} 3. g3 {[%clk 1:31:41]} 3... Nf6 {[%clk 1:30:34]} 4. Bg2 {
[%clk 1:32:04]} 4... Bg7 {[%clk 1:30:37]} 5. O-O {[%clk 1:32:23]} 5... O-O {
[%clk 1:30:42]} 6. d3 {[%clk 1:32:46]} 6... d5 {[%clk 1:30:27]} 7. Qe1 { [%clk
1:33:01]} 7... d4 {[%clk 1:29:08]} 8. a4 {[%clk 1:33:00]} 8... Nc6 { [%clk
1:27:59]} 9. Na3 {[%clk 1:33:07]} 9... Nd5 {[%clk 1:27:10]} 10. Bd2 { [%clk
1:32:50]} 10... e5 {[%clk 1:24:56]} 11. fxe5 {[%clk 1:26:33]} 11... Nxe5 {[%clk
1:23:33]} 12. Nxe5 {[%clk 1:26:57]} 12... Bxe5 {[%clk 1:23:58]} 13. c3 { [%clk
1:27:03]} 13... Bg7 {[%clk 1:18:23]} 14. Nc2 {[%clk 1:25:38]} 14... Be6 { [%clk
1:08:11]} 15. c4 {[%clk 1:23:46]} 15... Ne7 {[%clk 1:02:46]} 16. b4 { [%clk
1:23:10]} 16... cxb4 {[%clk 1:02:49]} 17. Bxb4 {[%clk 1:18:30]} 17... Qd7
{[%clk 0:58:45]} 18. a5 {[%clk 1:12:57]} 18... Rac8 {[%clk 0:48:55]} 19. Rb1 {
[%clk 1:11:50]} 19... Rc7 {[%clk 0:48:19]} 20. Qf2 {[%clk 1:05:56]} 20... Rd8 {
[%clk 0:44:13]} 21. Bd2 {[%clk 1:02:57]} 21... Nc6 {[%clk 0:38:55]} 22. Bg5 {
[%clk 0:59:47]} 22... Re8 {[%clk 0:31:36]} 23. Bf4 {[%clk 0:53:56]} 23... Rcc8
{[%clk 0:30:26]} 24. Bd2 {[%clk 0:52:17]} 24... Bg4 {[%clk 0:28:13]} 25. Bd5 {
[%clk 0:51:55]} 25... Be6 {[%clk 0:22:58]} 26. Bg2 {[%clk 0:47:22]} 26... Bg4 {
[%clk 0:22:45]} 27. Bd5 {[%clk 0:43:50]} 1/2-1/2

[Event "DEM U18 2017"]
[Site "Willingen GER"]
[Date "2017.06.06"]
[Round "5"]
[White "Mätzkow, Maximilian Paul"]
[Black "Uksini, Bardhyl"]
[Result "1/2-1/2"]
[Termination "normal"]
[Board "4"]
[WhiteElo "2131"]
[BlackElo "2331"]
[WhiteClock "00:56:56"]
[BlackClock "00:48:36"]
[PlyCount "44"]
[WhiteFideId "24679933"]
[BlackFideId "1628313"]
[EventCountry "GER"]
[EventRounds "9"]
[EventType "swiss"]
[EventDate "2017.06.03"]

1. d4 {[%clk 1:30:57]} 1... Nf6 {[%clk 1:30:52]} 2. Nf3 {[%clk 1:31:20]} 2...
g6 {[%clk 1:31:09]} 3. Bf4 {[%clk 1:31:39]} 3... Bg7 {[%clk 1:30:31]} 4. e3 {
[%clk 1:31:49]} 4... d6 {[%clk 1:29:57]} 5. Be2 {[%clk 1:31:47]} 5... O-O {
[%clk 1:29:55]} 6. O-O {[%clk 1:32:06]} 6... Nh5 {[%clk 1:25:14]} 7. Bg5 {
[%clk 1:31:36]} 7... h6 {[%clk 1:25:28]} 8. Bh4 {[%clk 1:32:00]} 8... g5 {
[%clk 1:25:51]} 9. Nfd2 {[%clk 1:30:28]} 9... Nf4 {[%clk 1:17:33]} 10. exf4 {
[%clk 1:30:47]} 10... gxh4 {[%clk 1:18:00]} 11. c3 {[%clk 1:26:44]} 11... c5 {
[%clk 1:14:52]} 12. d5 {[%clk 1:23:11]} 12... Bf5 {[%clk 1:12:09]} 13. Nc4 {
[%clk 1:19:38]} 13... b5 {[%clk 0:57:29]} 14. Ne3 {[%clk 1:19:23]} 14... Bd7 {
[%clk 0:56:25]} 15. Bg4 {[%clk 1:16:01]} 15... f5 {[%clk 0:55:10]} 16. Bh3 {
[%clk 1:13:50]} 16... Qe8 {[%clk 0:53:30]} 17. Nd2 {[%clk 1:13:17]} 17... Na6 {
[%clk 0:51:26]} 18. Nf3 {[%clk 1:12:14]} 18... Qh5 {[%clk 0:51:13]} 19. Nd2 {
[%clk 1:11:10]} 19... Qg6 {[%clk 0:50:34]} 20. Nf3 {[%clk 1:11:05]} 20... Qh5 {
[%clk 0:48:43]} 21. Nd2 {[%clk 0:57:47]} 21... Qg6 {[%clk 0:48:53]} 22. Nf3 {
[%clk 0:56:56]} 22... Qh5 {[%clk 0:48:36]} 1/2-1/2

[Event "DEM U18 2017"]
[Site "Willingen GER"]
[Date "2017.06.06"]
[Round "5"]
[White "Lagunow, Raphael"]
[Black "Niermann, Tristan"]
[Result "1/2-1/2"]
[Termination "normal"]
[Board "5"]
[WhiteTitle "FM"]
[WhiteElo "2318"]
[BlackElo "2340"]
[WhiteClock "00:02:07"]
[BlackClock "00:01:27"]
[PlyCount "102"]
[WhiteFideId "24652644"]
[BlackFideId "12990698"]
[EventCountry "GER"]
[EventRounds "9"]
[EventType "swiss"]
[EventDate "2017.06.03"]

1. Nf3 {[%clk 1:30:57]} 1... d5 {[%clk 1:30:54]} 2. g3 {[%clk 1:31:23]} 2...
Nf6 {[%clk 1:31:19]} 3. Bg2 {[%clk 1:31:50]} 3... Bf5 {[%clk 1:31:41]} 4. O-O {
[%clk 1:31:57]} 4... e6 {[%clk 1:31:42]} 5. d3 {[%clk 1:32:03]} 5... Nbd7 {
[%clk 1:31:47]} 6. Nbd2 {[%clk 1:32:09]} 6... Be7 {[%clk 1:31:27]} 7. Qe1 {
[%clk 1:30:55]} 7... O-O {[%clk 1:29:21]} 8. b3 {[%clk 1:27:59]} 8... h6 {
[%clk 1:26:11]} 9. Bb2 {[%clk 1:27:25]} 9... Bh7 {[%clk 1:25:49]} 10. e4 {
[%clk 1:26:39]} 10... c6 {[%clk 1:18:11]} 11. Qe2 {[%clk 1:24:11]} 11... a5 {
[%clk 1:07:26]} 12. a3 {[%clk 1:20:47]} 12... Qc7 {[%clk 0:55:14]} 13. e5 {
[%clk 1:16:58]} 13... Ne8 {[%clk 0:54:31]} 14. Rac1 {[%clk 1:12:41]} 14... b5 {
[%clk 0:46:53]} 15. Rfe1 {[%clk 1:10:35]} 15... Qb7 {[%clk 0:45:13]} 16. Nf1 {
[%clk 1:02:28]} 16... Nc7 {[%clk 0:42:07]} 17. Ne3 {[%clk 1:00:42]} 17... Qa6 {
[%clk 0:38:07]} 18. h4 {[%clk 0:54:39]} 18... Rab8 {[%clk 0:32:56]} 19. h5 {
[%clk 0:33:46]} 19... c5 {[%clk 0:28:52]} 20. Ng4 {[%clk 0:33:20]} 20... c4 {
[%clk 0:26:04]} 21. Red1 {[%clk 0:23:46]} 21... Rfc8 {[%clk 0:24:45]} 22. Bf1 {
[%clk 0:21:29]} 22... Qb6 {[%clk 0:12:36]} 23. Bd4 {[%clk 0:20:26]} 23... Qb7 {
[%clk 0:10:22]} 24. Ra1 {[%clk 0:17:06]} 24... cxb3 {[%clk 0:08:21]} 25. cxb3 {
[%clk 0:17:30]} 25... Nc5 {[%clk 0:07:49]} 26. Rab1 {[%clk 0:17:09]} 26... b4 {
[%clk 0:06:55]} 27. a4 {[%clk 0:16:56]} 27... Ne8 {[%clk 0:06:33]} 28. Be3 {
[%clk 0:14:13]} 28... Rc7 {[%clk 0:05:07]} 29. Nd4 {[%clk 0:14:24]} 29... Rbc8
{[%clk 0:04:47]} 30. Nh2 {[%clk 0:10:59]} 30... Nd7 {[%clk 0:04:05]} 31. Nhf3 {
[%clk 0:10:49]} 31... Rc3 {[%clk 0:03:40]} 32. Rb2 {[%clk 0:08:51]} 32... Nc5 {
[%clk 0:03:09]} 33. Ne1 {[%clk 0:08:44]} 33... Qa6 {[%clk 0:01:53]} 34. Bd2 {
[%clk 0:06:42]} 34... Bxd3 {[%clk 0:01:18]} 35. Nxd3 35... Qxd3 {[%clk 0:01:31]
} 36. Bxc3 {[%clk 0:05:59]} 36... Qxe2 {[%clk 0:01:48]} 37. Nxe2 { [%clk
0:06:02]} 37... bxc3 {[%clk 0:02:13]} 38. Nxc3 {[%clk 0:06:26]} 38... Nd7
{[%clk 0:02:20]} 39. Na2 {[%clk 0:03:01]} 39... Nxe5 {[%clk 0:01:59]} 40. b4 {
[%clk 0:01:57]} 40... axb4 {[%clk 0:01:26]} 41. Nxb4 {[%clk 0:02:20]} 41... Nd6
{[%clk 0:21:07]} 42. Na6 {[%clk 0:28:20]} 42... Kh7 {[%clk 0:17:33]} 43. Rb8 {
[%clk 0:14:41]} 43... Rc3 {[%clk 0:11:46]} 44. Ra1 {[%clk 0:13:05]} 44... Ne4
45. Rb2 {[%clk 0:08:33]} 45... Bf6 {[%clk 0:08:05]} 46. Rba2 {[%clk 0:07:35]}
46... Ng4 {[%clk 0:06:49]} 47. Rd1 {[%clk 0:06:30]} 47... Bd8 {[%clk 0:05:42]}
48. Bd3 {[%clk 0:04:27]} 48... Bb6 {[%clk 0:02:40]} 49. Bxe4+ {[%clk 0:02:55]}
49... dxe4 {[%clk 0:03:06]} 50. Rd6 {[%clk 0:01:37]} 50... Rxg3+ { [%clk
0:01:51]} 51. Kf1 {[%clk 0:02:07]} 51... Bxf2 {[%clk 0:01:27]} 1/2-1/2

[Event "DEM U18 2017"]
[Site "Willingen GER"]
[Date "2017.06.06"]
[Round "5"]
[White "Schneider, Jana"]
[Black "Spitzl, Vinzent"]
[Result "1/2-1/2"]
[Termination "normal"]
[Board "6"]
[WhiteTitle "FM"]
[WhiteElo "2270"]
[BlackElo "2245"]
[WhiteClock "00:10:07"]
[BlackClock "00:24:57"]
[PlyCount "66"]
[WhiteFideId "12924997"]
[BlackFideId "12901253"]
[EventCountry "GER"]
[EventRounds "9"]
[EventType "swiss"]
[EventDate "2017.06.03"]

1. e4 {[%clk 1:30:57]} 1... c5 {[%clk 1:30:37]} 2. Nf3 {[%clk 1:31:18]} 2... d6
{[%clk 1:30:51]} 3. Bb5+ {[%clk 1:31:37]} 3... Nc6 {[%clk 1:31:10]} 4. O-O {
[%clk 1:31:44]} 4... Bd7 {[%clk 1:31:09]} 5. Re1 {[%clk 1:31:31]} 5... Nf6 {
[%clk 1:31:27]} 6. c3 {[%clk 1:31:24]} 6... a6 {[%clk 1:31:44]} 7. Bf1 { [%clk
1:31:39]} 7... Bg4 {[%clk 1:31:45]} 8. h3 {[%clk 1:31:36]} 8... Bxf3 { [%clk
1:31:23]} 9. Qxf3 {[%clk 1:31:48]} 9... g6 {[%clk 1:31:24]} 10. d3 { [%clk
1:31:45]} 10... Bg7 {[%clk 1:30:40]} 11. Be3 {[%clk 1:31:08]} 11... Nd7 { [%clk
1:30:44]} 12. Nd2 {[%clk 1:29:50]} 12... O-O {[%clk 1:30:52]} 13. Qd1 { [%clk
1:28:47]} 13... b5 {[%clk 1:30:45]} 14. a3 {[%clk 1:26:57]} 14... e5 { [%clk
1:29:46]} 15. Nf3 {[%clk 1:19:36]} 15... Qe7 {[%clk 1:28:24]} 16. g3 { [%clk
1:16:19]} 16... h5 {[%clk 1:22:44]} 17. Bg2 {[%clk 1:14:28]} 17... Rfd8 { [%clk
1:15:59]} 18. Qb3 {[%clk 1:03:02]} 18... c4 {[%clk 1:10:05]} 19. Qc2 { [%clk
0:58:21]} 19... cxd3 {[%clk 1:05:07]} 20. Qxd3 {[%clk 0:58:44]} 20... Nc5
{[%clk 1:04:49]} 21. Qc2 {[%clk 0:56:44]} 21... Rac8 {[%clk 0:59:24]} 22. Rad1
{[%clk 0:54:27]} 22... Ne6 {[%clk 0:55:14]} 23. Qb1 {[%clk 0:48:52]} 23... Qc7
{[%clk 0:46:54]} 24. h4 {[%clk 0:41:48]} 24... Re8 {[%clk 0:40:44]} 25. Bh3 {
[%clk 0:40:01]} 25... Bf6 {[%clk 0:38:18]} 26. Kh1 {[%clk 0:32:45]} 26... Rcd8
{[%clk 0:37:50]} 27. Rg1 {[%clk 0:30:30]} 27... Kg7 {[%clk 0:33:26]} 28. Qc1 {
[%clk 0:28:41]} 28... Na5 {[%clk 0:32:02]} 29. Qc2 {[%clk 0:20:12]} 29... Nc4 {
[%clk 0:29:07]} 30. Bc1 {[%clk 0:20:27]} 30... Nb6 {[%clk 0:27:46]} 31. Be3 {
[%clk 0:15:47]} 31... Nc4 {[%clk 0:25:16]} 32. Bc1 {[%clk 0:15:06]} 32... Nb6 {
[%clk 0:25:38]} 33. Be3 {[%clk 0:10:07]} 33... Nc4 {[%clk 0:24:57]} 1/2-1/2

[Event "DEM U18 2017"]
[Site "Willingen GER"]
[Date "2017.06.06"]
[Round "5"]
[White "Neukirchner, Pascal"]
[Black "Urban, Konstantin"]
[Result "0-1"]
[Termination "normal"]
[Board "7"]
[WhiteElo "2108"]
[BlackElo "2377"]
[WhiteClock "00:28:16"]
[BlackClock "00:16:47"]
[PlyCount "82"]
[WhiteFideId "12997927"]
[BlackFideId "12927511"]
[EventCountry "GER"]
[EventRounds "9"]
[EventType "swiss"]
[EventDate "2017.06.03"]

1. d4 {[%clk 1:30:58]} 1... f5 {[%clk 1:30:55]} 2. e4 {[%clk 1:31:16]} 2...
fxe4 {[%clk 1:31:00]} 3. Nc3 {[%clk 1:31:41]} 3... Nf6 {[%clk 1:31:09]} 4. Bg5
{[%clk 1:32:06]} 4... Nc6 {[%clk 1:30:49]} 5. d5 {[%clk 1:31:05]} 5... Ne5 {
[%clk 1:31:00]} 6. Qe2 {[%clk 1:30:32]} 6... Nf7 {[%clk 1:20:47]} 7. h4 { [%clk
1:27:37]} 7... c6 {[%clk 1:12:27]} 8. O-O-O {[%clk 1:12:25]} 8... cxd5 { [%clk
1:11:33]} 9. Bxf6 {[%clk 1:11:30]} 9... gxf6 {[%clk 1:10:45]} 10. Nxd5 { [%clk
1:10:06]} 10... Bh6+ {[%clk 1:04:19]} 11. Kb1 {[%clk 1:10:00]} 11... e6 { [%clk
1:04:11]} 12. Qxe4 {[%clk 1:07:55]} 12... O-O {[%clk 1:03:58]} 13. Ne3 { [%clk
1:01:58]} 13... f5 {[%clk 0:58:28]} 14. Qf3 {[%clk 0:59:14]} 14... Qf6 { [%clk
0:55:32]} 15. Ng4 {[%clk 0:58:34]} 15... Qg7 {[%clk 0:55:37]} 16. Nxh6+ { [%clk
0:58:57]} 16... Nxh6 {[%clk 0:56:01]} 17. Nh3 {[%clk 0:54:52]} 17... d5 { [%clk
0:50:23]} 18. Be2 {[%clk 0:42:56]} 18... Bd7 {[%clk 0:45:23]} 19. Qh5 { [%clk
0:40:55]} 19... Rad8 {[%clk 0:31:27]} 20. Rd3 {[%clk 0:35:07]} 20... Be8 {[%clk
0:31:10]} 21. Qg5 {[%clk 0:34:58]} 21... Qxg5 {[%clk 0:30:55]} 22. Nxg5 {[%clk
0:35:22]} 22... Bd7 {[%clk 0:27:20]} 23. Re3 {[%clk 0:32:58]} 23... Ng4 {[%clk
0:19:46]} 24. Bxg4 {[%clk 0:33:01]} 24... fxg4 {[%clk 0:20:15]} 25. Rxe6 {[%clk
0:30:50]} 25... Rxf2 {[%clk 0:20:08]} 26. Rd6 {[%clk 0:31:17]} 26... Rdf8
{[%clk 0:19:55]} 27. Rxd5 {[%clk 0:30:24]} 27... Rf1+ {[%clk 0:18:48]} 28. Rd1
{[%clk 0:30:51]} 28... Rxh1 {[%clk 0:19:15]} 29. Rxh1 {[%clk 0:31:15]} 29...
Bf5 {[%clk 0:19:37]} 30. Kc1 {[%clk 0:26:39]} 30... h6 {[%clk 0:20:02]} 31. Nh3
{[%clk 0:27:07]} 31... gxh3 {[%clk 0:20:14]} 32. gxh3 {[%clk 0:27:35]} 32...
Be4 {[%clk 0:20:04]} 33. Re1 {[%clk 0:27:37]} 33... Rf4 {[%clk 0:20:04]} 34. h5
{[%clk 0:27:54]} 34... Kf7 {[%clk 0:19:42]} 35. Kd2 {[%clk 0:28:12]} 35... Kf6
{[%clk 0:18:19]} 36. Rg1 {[%clk 0:27:34]} 36... Rf3 {[%clk 0:17:34]} 37. h4
{[%clk 0:27:35]} 37... Rf4 {[%clk 0:16:06]} 38. Ke3 {[%clk 0:27:26]} 38... Rxh4
{[%clk 0:16:28]} 39. c4 {[%clk 0:27:46]} 39... Ke5 {[%clk 0:16:13]} 40. Rg7
{[%clk 0:28:08]} 40... Rh3+ {[%clk 0:16:38]} 41. Kd2 {[%clk 0:28:16]} 41...
Rxh5 {[%clk 0:16:47]} 0-1

[Event "DEM U18 2017"]
[Site "Willingen GER"]
[Date "2017.06.06"]
[Round "5"]
[White "Herbrig, Alexander"]
[Black "Oberhofer, Cédric"]
[Result "1-0"]
[Termination "normal"]
[Board "8"]
[WhiteElo "2102"]
[BlackElo "2187"]
[WhiteClock "00:22:51"]
[BlackClock "00:11:19"]
[PlyCount "71"]
[WhiteFideId "12952044"]
[BlackFideId "12941220"]
[EventCountry "GER"]
[EventRounds "9"]
[EventType "swiss"]
[EventDate "2017.06.03"]

1. e4 {[%clk 1:30:59]} 1... c5 {[%clk 1:30:55]} 2. Nf3 {[%clk 1:31:22]} 2... d6
{[%clk 1:31:22]} 3. d4 {[%clk 1:31:47]} 3... cxd4 {[%clk 1:31:48]} 4. Nxd4 {
[%clk 1:32:13]} 4... Nf6 {[%clk 1:32:13]} 5. Nc3 {[%clk 1:32:38]} 5... a6 {
[%clk 1:32:38]} 6. Be3 {[%clk 1:33:03]} 6... e5 {[%clk 1:33:04]} 7. Nf3 { [%clk
1:33:16]} 7... Be7 {[%clk 1:31:13]} 8. Bc4 {[%clk 1:33:40]} 8... Qc7 { [%clk
1:30:57]} 9. Bb3 {[%clk 1:34:03]} 9... O-O {[%clk 1:31:13]} 10. O-O { [%clk
1:33:05]} 10... Be6 {[%clk 1:26:10]} 11. Qd2 {[%clk 1:23:31]} 11... Nc6 { [%clk
1:18:51]} 12. Nh4 {[%clk 1:13:41]} 12... Bxb3 {[%clk 1:06:14]} 13. axb3 { [%clk
1:13:36]} 13... Nxe4 {[%clk 1:06:24]} 14. Nxe4 {[%clk 1:13:05]} 14... Bxh4
{[%clk 1:06:48]} 15. Qxd6 {[%clk 1:10:12]} 15... Qxd6 {[%clk 1:05:24]} 16. Nxd6
{[%clk 1:10:39]} 16... Rab8 {[%clk 1:05:39]} 17. Rfd1 {[%clk 1:01:46]} 17...
Be7 {[%clk 0:59:55]} 18. Nf5 {[%clk 0:56:46]} 18... Bf6 {[%clk 0:54:36]} 19. h3
{[%clk 0:40:14]} 19... Rfd8 {[%clk 0:44:39]} 20. Bb6 {[%clk 0:38:38]} 20...
Rxd1+ {[%clk 0:44:40]} 21. Rxd1 {[%clk 0:39:05]} 21... g6 {[%clk 0:44:15] } 22.
Ne3 {[%clk 0:35:38]} 22... Nd4 {[%clk 0:39:17]} 23. b4 {[%clk 0:31:27]} 23...
Nc6 {[%clk 0:29:24]} 24. c3 {[%clk 0:31:33]} 24... Bd8 {[%clk 0:27:56]} 25. Bc5
{[%clk 0:29:57]} 25... b6 {[%clk 0:22:52]} 26. Bd6 {[%clk 0:29:04]} 26... Rc8
{[%clk 0:23:11]} 27. Ra1 {[%clk 0:27:53]} 27... a5 {[%clk 0:23:26]} 28. b5
{[%clk 0:27:22]} 28... Na7 {[%clk 0:18:06]} 29. c4 {[%clk 0:27:31]} 29... f6
{[%clk 0:15:52]} 30. b4 {[%clk 0:25:51]} 30... Kf7 {[%clk 0:16:15]} 31. bxa5
{[%clk 0:25:54]} 31... bxa5 {[%clk 0:16:40]} 32. Rb1 {[%clk 0:25:34]} 32... Be7
{[%clk 0:14:46]} 33. Bxe7 {[%clk 0:24:09]} 33... Kxe7 {[%clk 0:15:15] } 34. Ra1
{[%clk 0:24:10]} 34... Rc5 {[%clk 0:12:24]} 35. Rxa5 {[%clk 0:24:11]} 35... Nc8
{[%clk 0:11:19]} 36. b6 {[%clk 0:22:51]} 1-0